| 000 | 00580nam a2200181 i 4500 | ||
|---|---|---|---|
| 001 | 116452 | ||
| 003 | ES-MaACL | ||
| 005 | 20230906190717.0 | ||
| 007 | t| | ||
| 008 | 061121s1975 sp r ||||1| spa d | ||
| 100 | 1 |
_aOstrovskiï, Aleksandr Nikolaevich ( _d1823-1886) _9161272 |
|
| 245 | 1 | 0 |
_aAsí se templó el acero / _cAleksandr Nicolaevich Ostrovski ; traducción del ruso por J. Vento, A. Herraiz. |
| 260 |
_aMadrid : _bAkal, _c1975. |
||
| 300 |
_a469 p. ; _c18 cm. |
||
| 700 | 1 |
_aVento, J. _9113902 |
|
| 700 | 1 |
_aHerraiz, A. _963143 |
|
| 852 |
_aES-MaACL _jE-8475 _bR.92190 |
||
| 999 |
_c116452 _d116452 |
||